| 000 | 00525nam a2200169Ia 4500 | ||
|---|---|---|---|
| 008 | 190805s9999||||xx |||||||||||||| ||und|| | ||
| 020 |
_a9781471179396 _c£ 9.99 |
||
| 082 | 0 | 4 |
_a154.2 _bM9547 |
| 100 | 1 | _aMurphy, Joseph | |
| 245 | 1 | 4 |
_aThe Power of Your Subconscious Mind / _cJoseph Murphy ; edited and revised by Arthur R. Pell |
| 260 |
_aLondon : _bSimon & Schuster, _c2018 |
||
| 300 |
_axxi, 297 p. _b : _c; 20 cm. |
||
| 650 | 0 | _aSubconsciousness | |
| 700 | 1 | _aPell, Arthur R. | |
| 942 | _cBK | ||
| 999 |
_c410 _d410 |
||